000 00765nam a22001937a 4500
999 _c20491
_d20491
003 OSt
005 20240815121512.0
008 240815b ||||| |||| 00| 0 eng d
040 _c0
082 _aDPer 507 J826 September 2019 - June 2020 v.49 n. 1-5
100 _aFrey, Regina.
_eauthor.
_957881
245 _aFeatures of an effective future-faculty teaching-development program:
_ba case Study of 10 STEM Faculty /
_cRegina Frey, Jacinta Mutambuki, and Denise Leonard
260 _aArlington USA;
_bNational Science Teaching Association,
_cMarch/April 2020.
300 _avolume 49, pages 58-65.
700 _aFrey, Regina.
_eauthor.
_957881
700 _aMutambuki, Jacinta.
_eauthor.
_957882
700 _aLeonard, Denise.
_eauthor.
_957883
942 _2ddc
_cPER